000
00325nam a2200133Ia 4500
005
20251222144627.0
008
251222s9999||||xx |||||||||||||| ||spa||
020
_a
950-808-334-4
082
_a
370.15/L17
100
_a
Laino, Dora
245
0
_a
La Psicopedagogía en la Actualidad:
264
_b
Homo Sapiens
942
_c
LIB
999
_c
16161
_d
16161